Statistics for Shoes of Kobe Bryant

Click here to take the quiz!

General Stats

  • This quiz has been taken 37 times
  • The average score is 12 of 15

Answer Stats

Release Date (Year):Shoe:% Correct
2005-2006The Nike Kobe 1
97%
2006-2007The Nike Kobe 2
97%
2007-2008The Nike Kobe 3
97%
2008-2009The Nike Kobe 4
97%
2009-2010The Nike Kobe 5
97%
2010-2011The Nike Kobe 6
97%
2011-2012The Nike Kobe 7
97%
2012-2013The Nike Kobe 8
97%
2013-2014The Nike Kobe 9
97%
2014-2015The Nike Kobe 10
97%
2015-2016The Nike Kobe 11
82%
2016-2017The Nike Kobe A.D
68%
2014The Nike Kobe 9 Elite
29%
2014The Nike Kobe 9 Elite Low
6%
2017-2018The Nike Kobe A.D 2
6%

Score Distribution

Percentile by Number Answered

Percent of People with Each Score

Your Score History

You have not taken this quiz